GTA V All gangs - Statistics

General Stats
  • This quiz has been taken 141 times
  • The average score is 4 of 12
Answer Stats
Answer % Correct
Ballas
90%
Vagos
75%
Families
59%
The Lost MC
35%
Aztecas
32%
Triads
30%
Marabunta Grande
14%
Armenian Mob
10%
The O'Neil Brothers
8%
Madrazo Cartel
6%
Altruist Cult
3%
Kkhangpae
3%
No matching quizzes found
Score Distribution
Percent of People with Each Score
Percentile by Number Answered
Your Score History
You have not taken this quiz